00495 2200193 4500001002100000008004100021035002000062245003500082250002000117260004300137300002000180020002200200084002100222082001500243650001900258990000800277990000800285990000800293INLIS000000000000280 ind  a0010-0425000280 aPRODUK OLAHAN DARI UMBI-UMBIAN aCetakan pertama aDepok :bCV Mukti Warna Grafika,c2018 a74 hlm.c25 cm. a978-602-577-002-9 a633.492.20 MAY p a633.492.20 aMaya Rohmayati a543 a544 a545